000 00472nam a2200181Ia 4500
005 20250326143032.0
008 250326s9999 xx 000 0 und d
037 _aTextbook
040 _aFMSL
_beng
_cFMSL
041 _aeng
_2eng
084 _aX:8 M6
_qFMSL
100 _aMehta P L
245 0 _aManagerial economics
_cMehta P L
260 _aNew Delhi
_bNew Delhi, Sultan Chand
_c1986
300 _av
942 _cTB
_hX:8 M6
999 _c1297808
_d1297808